[Event "Rome Accademia Primavera op"]
[Site "Rome"]
[Date "2011.04.02"]
[Round "3"]
[White "Maurizio, Antonio"]
[Black "Tudorache, Marian"]
[Result "1/2-1/2"]
[WhiteElo "1921"]
[BlackElo "2039"]
[PlyCount "69"]
[EventDate "2011.04.01"]
[EventType "swiss"]
[EventRounds "5"]
[EventCountry "ITA"]
[SourceTitle "EXT 2023"]
[Source "ChessBase"]
[SourceDate "2022.10.05"]
[SourceVersion "1"]
[SourceVersionDate "2022.10.05"]
[SourceQuality "1"]

1. d4 Nf6 2. Nf3 g6 3. c4 Bg7 4. Nc3 d6 5. e4 0-0 6. Be2 c5 7. d5 e6 8. dxe6 fxe6 9. e5 dxe5 10. Qxd8 Rxd8 11. Be3 b6 12. Ng5 a6 13. Na4 Rd6 14. b4 e4 15. Rb1 Nbd7 16. bxc5 bxc5 17. Nxc5 Nxc5 18. Bxc5 Rc6 19. Bd4 e5 20. Bxe5 Bf5 21. h4 e3 22. Rc1 exf2+ 23. Kxf2 Re8 24. Bxf6 Rxf6 25. Bf3 h6 26. Nh3 Ref8 27. Kg3 Be6 28. Nf2 Rf4 29. Rhe1 Rxc4 30. Rxc4 Bxc4 31. a4 Rf5 32. Ng4 Bf7 33. Re4 h5 34. Ne3 Rc5 35. Be2 1/2-1/2